00957nab a2200253 uc450000100070000000500170000700800410002403500110006503500210007604000130009704100080011010000460011824501240016465000330028865000390032165000280036065000480038865000370043665000380047370000470051177301160055894200100067499900190068494939520241025091243.0051007e20050801 spa  a949395 a(OCoLC)820336810 ccomduadb aspa10aLuciano Soriano, Carmen4auteaut941356110aAnalisis de los contextos verbales en el trastorno de evitacion experiencial y en la terapia de aceptacion y compromiso aAnálisis contextual990687 7aComportamiento verbal2lemb964896 7aCognición2lemb98995 aTeoría de los marcos relacionales9155985 aPsicoterapia conductista9180090 7aTerapia cognitiva2armarc910544210aGutierrez Martinez, Olga4auteaut94135620 tRevista Latinoamericana de Psicología (Bogotá)gVol. 37, No. 02, 2005, p. 333-358w140894x0120-0534076228 cARIMP c365145d365145